000 00846cam a2200265 a 4500
008
020 _a371860597X (pbk.)
049 _aMAIN
090 _aQR181
_bBON
100 1 _aBona, Constantin A.
245 1 0 _aTextbook of immunology /
_cConstantin A. Bona, Francisco A. Bonilla.
250 _a2nd ed.
260 _aAustralia :
_bHarwood Academic Publishers,
_cc1996.
300 _ax, 431 p., [4] p. of plates :
_bill. (some col.) ;
_c26 cm.
500 _aIncludes index.
504 _aIncludes bibliographical references.
650 0 _aImmunology.
700 1 _aBonilla, Francisco A.
700 1 _aBona, Constantin A.
_tImmunology for medical students.
907 _a.b10224002
_b03-05-12
_c17-01-07
003
005 20230120203937.0
040 _cNUST
942 _cBOOKS
_kQR181
_mBON
999 _c114305
_d114305